Programa Reverdece la Vida : (Registro nro. 8828)
[ vista simple ]
| 000 -CABECERA | |
|---|---|
| Campo de control | 01153nam a22002537a 4500 |
| 005 - FECHA Y HORA DE LA ULTIMA TRANSACCION | |
| Campo de control | 20141204155038.0 |
| 008 - ELEMENTOS DE LONGITUD FIJA—INFORMACION GENERAL | |
| Campo de control | 141126b2012 ck |||||r|||| 00| 0 spa d |
| 020 ## - ISBN | |
| ISBN | 9789588731322 |
| 040 ## - FUENTE DE CATALOGACIÓN | |
| Agencia transcriptora | CO-BoIH |
| 041 ## - IDIOMA | |
| Código de idioma para texto/pista de sonido o título separado | Español |
| 044 ## - PAÍS DE PUBLICACIÓN | |
| País de publicación | Colombia |
| 090 ## - CLASIFICACIÓN LOCAL | |
| Colección | EA |
| Consecutivo | 00166 |
| 100 1# - ASIENTO PRINCIPAL--NOMBRE PERSONAL | |
| Nombre personal | Cárdenas-Navas, Ana María |
| 245 1# - MENCION DE TITULO | |
| Título | Programa Reverdece la Vida : |
| Parte restante del título | Experiencia pedagógica en biodiversidad y diversidad cultural, en el marco de la Educación Ambiental del Distrito Capital |
| Mención de responsabilidad | Ana María, Cárdenas-Navas... (et al.) |
| 260 ## - PUBLICACION, DISTRIBUCION, ETC. (PIE DE IMPRENTA) | |
| Lugar de publicación, distribución, etc. | Bogotá D.C : |
| Nombre del editor, distribuidor, etc. | Jardín Botánico José Celestino Mutis, |
| -- | Secretaría de Educación del Distrito, |
| -- | Alcaldía Mayor de Bogotá D.C, |
| Fecha de publicación, distribución, etc. | 2012. |
| 300 ## - DESCRIPCION FISICA | |
| Extensión | 191 pag. |
| Otros detalles físicos | Fot (col.), tab. |
| Dimensiones | 28 cm. |
| Material acompañante | CD-rom |
| 504 ## - NOTA DE BIBLIOGRAFIA, ETC. | |
| Nota de bibliografía | Incluye referencias bibliográficas (pag 185-189) |
| 650 #4 - ASIENTO SECUNDARIO DE MATERIA - TERMINO TEMATICO | |
| Término temático o nombre geográfico como elemento de entrada | Métodos de Enseñanza |
| Subdivisión general | Innovaciones Educativas |
| 650 #4 - ASIENTO SECUNDARIO DE MATERIA - TERMINO TEMATICO | |
| Término temático o nombre geográfico como elemento de entrada | Gestión Ambiental |
| Subdivisión general | Proyectos Ambientales Escolares |
| 650 #4 - ASIENTO SECUNDARIO DE MATERIA - TERMINO TEMATICO | |
| Término temático o nombre geográfico como elemento de entrada | Protección de los Recursos Naturales |
| Subdivisión general | Enseñanza |
| 700 ## - ASIENTO SECUNDARIO - NOMBRE PERSONAL | |
| Nombre personal | Guevara-González, Gloria Diva |
| 700 ## - ASIENTO SECUNDARIO - NOMBRE PERSONAL | |
| Nombre personal | Martínez, César David |
| Término de relación | Fot. |
| 942 ## - ELEMENTOS ADICIONALES (KOHA) | |
| Sistema de clasificación | Local |
| Tipo de ítem | Libro |
| Withdrawn status | Lost status | Sistema de Clasificación | Damaged status | No para préstamo | Colección | Inventariado | Ubicación Permanente | Ubicación actual | Fecha de adquisición | Fuente de Valor | Valor | Total Checkouts | Número topográfico | Inventario / Código de Barras | Date last seen | Ejemplar | Price effective from | Forma de adquisición | Tipo de material |
|---|---|---|---|---|---|---|---|---|---|---|---|---|---|---|---|---|---|---|---|
| Local | Educación Ambiental | Inventariado 2017 | Sala Fabio Quevedo | Sala Fabio Quevedo | 26/11/2014 | Instituto | 39000.00 | EA-00166 | 034796 | 26/11/2014 | Ej. 1 | 26/11/2014 | Libro | ||||||
| Local | Educación Ambiental | Inventariado 2017 | Sala Fabio Quevedo | Sala Fabio Quevedo | 04/12/2014 | Instituto | 39000.00 | EA-00166 | 034798 | 04/12/2014 | Ej. 2 | 04/12/2014 | Libro |